| 000 | 01021nam a22002537a 4500 | ||
|---|---|---|---|
| 999 |
_c13169 _d13169 |
||
| 003 | AR-CdUCM | ||
| 008 | 190411b ||||| |||| 00| 0 eng d | ||
| 040 |
_aMUNICIPALIDAD PROVINCIAL DEL CUSCO _cBIBLIOTECA MUNICIPAL DEL CUSCO |
||
| 041 | _heng | ||
| 082 |
_a985.61 / _bR87 /1944 |
||
| 100 |
_aRowe, John H. _931394 |
||
| 245 |
_aAn introduction to the archaeology of Cuzco : _bexpeditions to southern Peru / |
||
| 260 |
_aCambridge, Massachusetts : _bPeabody Museum, Harvard University, _c1944. |
||
| 300 |
_a90 páginas ; _bIlustraciones, _c27 cm. |
||
| 440 |
_aPapers of the Peabpdy Museum of American Archaeology and Ethnology, Harvard University ; _n2 _931395 |
||
| 500 | _aTexto en inglés. | ||
| 505 | _aContenido: Introduction -- Chanapata period -- Inca period -- Conclusions chronological considerations -- List of figures ... | ||
| 650 |
_aArqueología _9371 |
||
| 650 |
_aPerú _935 |
||
| 650 |
_aCusco _9772 |
||
| 710 |
_aHarvard University _931396 |
||
| 942 |
_2ddc _cLIBROS |
||
| 945 |
_aacv _d2019-04-11 |
||